The science of being and art of living. (Record no. 63656)

MARC details
000 -LEADER
fixed length control field 00571cam a22002051 4500
001 - CONTROL NUMBER
control field sa 65004284
003 - CONTROL NUMBER IDENTIFIER
control field DLC
005 - DATE AND TIME OF LATEST TRANSACTION
control field 20260227112129.0
008 - FIXED-LENGTH DATA ELEMENTS--GENERAL INFORMATION
fixed length control field 751124s1963 ii c 000 0 eng
010 ## - LIBRARY OF CONGRESS CONTROL NUMBER
LC control number sa 65004284
035 ## - SYSTEM CONTROL NUMBER
System control number (OCoLC)1850937
040 ## - CATALOGING SOURCE
Original cataloging agency DLC
Transcribing agency F
Modifying agency DLC
042 ## - AUTHENTICATION CODE
Authentication code premarc
050 00 - LIBRARY OF CONGRESS CALL NUMBER
Classification number BL627
Item number .M335 1963
100 0# - MAIN ENTRY--PERSONAL NAME
Personal name Mahesh Yogi,
Titles and words associated with a name Maharishi.
245 14 - TITLE STATEMENT
Title The science of being and art of living.
260 ## - PUBLICATION, DISTRIBUTION, ETC.
Place of publication, distribution, etc. New Delhi,
-- New York,
Name of publisher, distributor, etc. Allied Publishers
Date of publication, distribution, etc. [1963]
300 ## - PHYSICAL DESCRIPTION
Extent xvi, 365 p.
Other physical details port.
Dimensions 22 cm.
650 #0 - SUBJECT ADDED ENTRY--TOPICAL TERM
Topical term or geographic name entry element Religious life
General subdivision Hinduism.

No items available.

Powered by Koha